00516nam a2200193 a 4500001001300000003000900013005001700022008004100039020001100080082001500091100003300106245002200139260003800161300000900199500003500208505002100243650002500264700003300289nice12345678IN_TiNIC20260116011923.0050524s1970 dela grp 000 0 urd  ac2.7500a297.5bSUL aSuleman, Mohammad Farkhabadi aTalimat-E-Nabawi. aDelhibJamal Printing Pressc1970 a160p aincludes index and biblioraphy2 abibl, Ref. Index aIslam-Moral Theology1 aSuleman, Mohammad Farkhabadi